zpět

Detail výsledku týmu

Na Tahu , Olomouc

Datum a čas kvízu

23.5 Celkem bodů Celkový počet nahraných bodů na tomto kvízu bez doplňovacích otázek.
3. Pořadí na kvízu Konečné umístění týmu na tomto kvízu.

Zaznamenané odpovědi

# Otázka Odpověď Body Výsledky
1. Jeden myslivec šel v minulých... tabák 1
2. Londýnská metropolitní policie... Ekvádor 0
3. Australský herec vyhrál soudní... Geoffrey Rush 0
4. Na konci března ochranka pražs... Raiffeisenbank 0
5. Bývalý kapitán reprezentace On... ve volejbale 0
6. V tomto tématu se podíváme na... Všechno bude, Zelená kniha 0
5. Road movie, v níž se dva bratř... Charlie, Raymond 0.5
8. Komediální road movie Pařba ve... Vo štvorici po opici 0
5. Jak se jmenuje komediální road... Blbý a blbější 1
10. Jistou formou road movies jsou... v Argentině 0